Sports Quiz

Random Sports or Famous Quiz

Sports Fathers and Sons Quiz Stats

 Plays Quiz Updated Oct 17, 2018

Score 0/38 Timer 10:00
1 Play Today
Sport Last Name % Correct
BaseballGriffey
91.9%
BaseballBonds
89.6%
NFLManning
89.3%
BasketballBryant
86.8%
BaseballRipken
86.3%
BaseballFielder
79.5%
NASCAREarnhardt
77.9%
BaseballAlou
75.3%
BaseballAlomar
74.9%
BasketballEwing
73.4%
BasketballWalton
68%
HockeyHowe
67.9%
NFLWinslow
67.7%
RacingAndretti
67.4%
BoxingMayweather
64.4%
BaseballGwynn
63.8%
NFLSimms
63.2%
HockeyHull
61.5%
NASCARPetty
60.7%
Sport Last Name % Correct
BasketballBarry
57.5%
BasketballCurry
56%
BoxingJones
54.6%
NFLGriese
52.1%
RacingUnser
44.4%
BaseballMatthews
42.1%
NASCARJarrett
30.3%
BoxingSpinks
29.3%
BasketballBibby
26.2%
BaseballBoone
25.4%
BowlingWeber
25%
GolfStadler
24.5%
SoccerLampard
11.4%
RacingVilleneuve
10.7%
BoxingHearns
9.1%
HockeyStastny
8.8%
SoccerOwen
7.5%
SoccerFerguson
4.9%
HockeyMalone
4%

You're not logged in!

Compare scores with friends on all Sporcle quizzes.
OR
Log In

You Might Also Like...

Show Comments

Extras

Top Quizzes Today


Score Distribution

Your Account Isn't Verified!

In order to create a playlist on Sporcle, you need to verify the email address you used during registration. Go to your Sporcle Settings to finish the process.

Report this User

Report this user for behavior that violates our Community Guidelines.

Details: